Beethoven : Violin Concerto, Romances /

Enregistré dans:
Détails bibliographiques
Auteur principal: Beethoven, Ludwig van (música)
Collectivité auteur: New York philharmonic (ejecución musical)
Autres auteurs: Mutter, Anne-Sophie (ejecución musical) (ejecución musical), Masur, Kurt (dirección musical) (dirección musical), Kaiser, Joachim (entrevista) (entrevista)
Format: Audio
Publié: Hamburgo, Alemania : Deutsche Grammophon, 2002, c2002
Sujets:
Tags: Ajouter un tag
Pas de tags, Soyez le premier à ajouter un tag!

MARC

LEADER 00000njm^a2200000^a^4500
001 000191717
005 20251020000000.0
009 20260310102535.668
037 |a Acervo ITESO - Biblioteca 
041 |a SON 
082 |a 784. 06  |b BEE LUD 
100 |a Beethoven, Ludwig van  |e (música) 
240 1 1 |a [Concierto para violín y orquesta, de Ludwig van Beethoven] 
240 1 1 |a [Romance para violín y orquesta Nº 1, de Ludwig van Beethoven] 
240 1 1 |a [Romance para violín y orquesta Nº 2, de Ludwig van Beethoven] 
245 1 4 |a Beethoven :  |b Violin Concerto, Romances /  |c Música de L. van Beethoven ; violín A.S. Mutter ; ejecución musical de la New York Philharmonic ; dir. musical de K. Masur ; entrevista de J. Kaiser ; tr. por Richard Evidon, Jean-Claude Poyet. 
264 4 |a Hamburgo, Alemania :  |b Deutsche Grammophon,  |c 2002, c2002 
300 |a 1 disco compacto sonoro (sin dato de duracin) +  |e 1 folleto (29 p.) 
336 |a música interpretada  |b prm  |2 rdacontenido 
337 |a audio  |b s  |2 rdamedio 
338 |a disco sonoro  |b sd  |2 rdasoporte 
545 0 |a Nacido en Bonn en 1770 y muerto en Viena en 1827, Ludwig van Beethoven es, sin duda, uno de los grandes genios de la música universal. Niño prodigio, a los ocho años dio su primer concierto de piano; formado inicialmente con su padre, en 1792 se estableció en Viena, donde estudió con Haydn, Schenk, Albrechtsberger y Salieri. Tres años después debutó en un concierto público como compositor y aparecieron también publicadas sus primeras creaciones. Considerado el precursor del tránsito del clasicismo al romanticismo, produjo una obra inicial alegre y plena de fantasía, a la que le sucederían trabajos intensos, con nuevos sonidos y experimentos audaces, llenos de contrastes, de tono heroico y épico, acordes en gran medida con el contexto revolucionario que vivía Europa. Sus creaciones son calificadas de manifestaciones perfectas, particularmente sus sinfonías, conciertos y sonatas para piano; de hecho estas últimas constituyen, en opinión de la crítica, el ciclo más complejo y amplio en la historia del piano. La extensa obra de Beethoven incluye 9 sinfonías; 1 ópera; 2 misas; 3 cantatas; 32 sonatas para piano; 5 conciertos para piano; 1 concierto para violín; 1 concierto para violín y cello; 1 concierto para violín, cello, piano y orquesta; 16 cuartetos de cuerdas; 10 sonatas para violín y piano; 5 sontas para cello y piano; 1 gran fuga para cuarteto de cuerdas; y numerosas oberturas, obras de cámara, bagatelas para piano, series de variaciones y arreglos a canciones populares. 
546 |a Edición trilingüe alemán-francés-inglés (folleto) 
649 |a XX 
650 |a Violín -  |z Alemania 
650 |a Instrumentos de Cuerda -  |z Alemania 
650 |a Concierto -  |z Alemania 
650 |a Romance (Música) -  |z Alemania 
650 |a Música Clásica -  |z Alemania 
650 |a Música de Concierto -  |z Alemania 
650 |a Música Alemana -  |y Siglo XVIII 
650 |a Música Alemana -  |y Siglo XIX 
740 0 |a Konzert für Violine und Orchester D-dur op. 61 /  |c Música de L. van Beethoven ; violín A.S. Mutter ; ejecución musical de la New York Philharmonic ; dir. musical de K. Masur ; entrevista de J. Kaiser ; tr. por Richard Evidon, Jean-Claude Poyet. 
740 0 |a Romanze für Violine und Orchester Nr. 1 G-dur op. 40 /  |c Música de L. van Beethoven ; violín A.S. Mutter ; ejecución musical de la New York Philharmonic ; dir. musical de K. Masur ; entrevista de J. Kaiser ; tr. por Richard Evidon, Jean-Claude Poyet. 
740 0 |a Romanze für Violine und Orchester Nr. 2 F-dur op. 50 /  |c Música de L. van Beethoven ; violín A.S. Mutter ; ejecución musical de la New York Philharmonic ; dir. musical de K. Masur ; entrevista de J. Kaiser ; tr. por Richard Evidon, Jean-Claude Poyet. 
710 |a New York philharmonic  |e (ejecución musical) 
700 |a Mutter, Anne-Sophie  |e (ejecución musical) 
700 |a Masur, Kurt  |e (dirección musical) 
700 |a Kaiser, Joachim  |e (entrevista) 
910 |a Fondo General 
920 |a Sonoros - CDs 
940 |a CDs de Música 
905 |a 401 
901 |a 0500135986  |b IT2  |c CDM  |u 20250521 
901 |a 0500135983  |b IT2  |c MIM  |u 20251020 
902 |a https://opac.biblio.iteso.mx/vufind/Record/000191717